Mistrzostwa świata w piłce nożnej 1982 - Statystyki

Ogólne statystyki
  • Ten quiz został rozwiązany 55 razy
  • Średni wynik to 17 z 24
Statystyki odpowiedzi
Grupa Państwo % Poprawnych
Grupa 6 Brazylia
100%
Grupa 1 Polska
100%
Grupa 6 ZSRR
98%
Grupa 3 Argentyna
95%
Grupa 1 Włochy
95%
Grupa 5 Hiszpania
93%
Grupa 4 Anglia
89%
Grupa 4 Francja
89%
Grupa 2 RFN
89%
Grupa 4 Czechosłowacja
75%
Grupa 5 Jugosławia
75%
Grupa 1 Peru
75%
Grupa 3 Belgia
73%
Grupa 2 Chile
73%
Grupa 2 Austria
64%
Grupa 1 Kamerun
64%
Grupa 6 Szkocja
64%
Grupa 3 Węgry
61%
Grupa 2 Algieria
45%
Grupa 6 Nowa Zelandia
34%
Grupa 5 Honduras
32%
Grupa 3 Salwador
30%
Grupa 5 Irlandia Północna
23%
Grupa 4 Kuwejt
23%
Nie znaleziono quizów pasujących do podanych kryteriów
Rozkład punktacji
Procent ludzi z każdym wynikiem
Percentyl według liczby udzielonych odpowiedzi
Twoja historia wyników
Nie rozwiązałeś tego quizu